Najbardziej wpływowe miasta świata. - Statystyki

Ogólne statystyki
  • Ten quiz został rozwiązany 522 razy
  • Średni wynik to 14 z 20
Statystyki odpowiedzi
Lp. Odpowiedź % Poprawnych
18. Moskwa
96%
2. Londyn
95%
3. Paryż
95%
14. Berlin
92%
4. Tokio
91%
1. Nowy Jork
90%
9. Pekin
90%
15. Madryt
85%
7. Los Angeles
83%
10. Waszyngton
79%
11. Sydney
63%
13. Seul
61%
19. Szanghaj
59%
12. Bruksela
56%
20. Amsterdam
52%
8. Chicago
52%
17. Toronto
46%
5. Hong Kong
43%
6. Singapur
37%
16. Melbourne
29%
Nie znaleziono quizów pasujących do podanych kryteriów
Rozkład punktacji
Procent ludzi z każdym wynikiem
Percentyl według liczby udzielonych odpowiedzi
Twoja historia wyników
Nie rozwiązałeś tego quizu